000 00307nam a2200121Ia 4500
008 240731s9999 xx 000 0 und d
022 _a2375-8627
245 4 _aThe Neurodiagnostic Journal
260 _bTaylor & Francis
856 _uhttps://www.tandfonline.com/loi/utnj20
942 _2ddc
942 _cTFEJ
999 _c80040
_d80040
945 _a1
_bMadushi Gamage
_c1
_dMadushi Gamage